Tariff classification of prospective imports.

Bibliographic Details
Corporate Author: U.S. Customs Service
Format: Government Document Book
Language:English
Published: [Washington, D.C.?] : Dept. of the Treasury, U.S. Customs Service, [1989]
Series:Customs publication ; no. 75.
Subjects:

MARC

Tag First Indicator Second Indicator Subfields
LEADER 00000cam a2200000 a 4500
001 in00000876708
005 20151019125318.0
008 890410s1989 dcu f00000 eng d
010 |a gp 89012114  
035 |a (OCoLC)19524796 
035 |9 AEJ6165AM 
040 |a GPO  |c GPO  |d UtOrBLW 
043 |a n-us--- 
074 |a 950-P 
086 0 |a T 17.26:75 
245 0 0 |a Tariff classification of prospective imports. 
264 1 |a [Washington, D.C.?] :  |b Dept. of the Treasury, U.S. Customs Service,  |c [1989] 
300 |a 2 unnumbered pages ;  |c 22 x 10 cm. 
336 |a text  |b txt  |2 rdacontent 
337 |a unmediated  |b n  |2 rdamedia 
338 |a volume  |b nc  |2 rdacarrier 
490 1 |a Customs pub. ;  |v no. 75 (Jan. 1989) 
500 |a Caption title. 
500 |a Shipping list number: 89-200-P. 
650 0 |a Tariff  |z United States  |x Terminology and classification. 
710 2 |a U.S. Customs Service. 
830 0 |a Customs publication ;  |v no. 75. 
999 |a MARS 
999 f f |s e7898645-310a-3086-8c1f-97ef956e062d  |i 4f328659-2647-3f90-8541-d0e4cefff294  |t 0 
952 f f |p normal  |a Texas A&M University  |b College Station  |c Sterling C. Evans Library  |d Evans: US Documents (Annex 5th floor)  |t 0  |e T 17.26:75  |h Superintendent of Documents classification  |i unmediated -- volume  |m A14814888417 
998 f f |a T 17.26:75  |t 0  |l Evans: US Documents (Annex 5th floor)